02046nam a2200265Ia 4500001000600000003000900006008004100015040001300056040001300069041001300082100001100095100002900106245006100135245006100196250001100257260000900268260002400277260004900301300005700350500126700407650002101674650003101695700002501726700002901751G2259IT-RoPAU130308s9999 xx 000 0 und d aIT-RoPAU cIT-RoPAU aITALIANO aAA.VV. gCodice Aut. SPICS: 12000 aPolitique des auteurs (La): testi, documenti, interviste bPolitique des Auteurs (La): Testi, Documenti, Interviste a1a ed. aROMA bDino Audino Editore c1999 [1° Ed.:1999 - Ed.Ling.Originale:1999] a"128 p. (prefazione: no ; testo: 128 [pagine: 0-0])" a"A 40 Anni dal festival di Cannes che vide la Nascita della Nouvelle Vague,La Politica degli Autori è Diventato Termine Ambiguo. Ritrovare I Documenti Originali che Diedero Vita a Quell'Esperienza, Parlarne con Alcuni dei Protagonisti, Rivisitare Il Modo in Cui in Italia Fu Vissuta, Capire le ragioni dei Suoi Limiti: Questo l'obiettivo del Libro. Politica degli Autori E'L'Arte di Amare. Cahiers Du Cinema e la Politica degli Autori: Dalla camera Stylo Alla Politica degli Autori: intervista con Alexandre Astruc; Antologia ragionata di Articoli Sulla Politica degli Autori; intervista con Charles Bitsch; Positif e la Politica degli Autori: intervista con Michel Ciment. Dalla Politica degli Autori Alla Nouvelle Vague: Brani di una Trasmissione radiofonica con Michel Ciment, Antoine De Baecque e Jean Douchet. Piccolisoggetti di Claude Chabrol. Scrivere per gli Autori: intervista con Suzanne Schiffman. Riflessioni Sulla Politica degli Autori: intervista con Maurizio Ponzi, l'autore Cinematografico di Silvano Agosti, spiragli Lasciati Dall'Industria di Mario Brenta, Riflessioni Sulla Politica degli Autori di Francis Vanoye, Cos'E' Rimasto della Politica degli Autori in Europa?: intervista con Claude Eric Poiroux, Il Caso Italiano di Umberto Dante." aSAGGI SUL CINEMA eCodice materia Spics: 6811 aLucantonio Gabrielle gCodice Aut. SPICS: 51486